Imposture
| Main Author: | |
|---|---|
| Format: | Book |
| Published: |
London :
Faber & Faber ,
2007
|
| Subjects: |
MARC
| LEADER | 00000cam a2200000 7i4500 | ||
|---|---|---|---|
| 001 | 0000031113 | ||
| 005 | 20110607.0 | ||
| 008 | 110607 | ||
| 020 | |a 0571233328 | ||
| 090 | 0 | 0 | |a MAR |b ENG |
| 100 | 0 | |a Markovits, Benjamin | |
| 245 | 1 | 0 | |a Imposture |c Benjamin Markovits |
| 260 | |a London : |b Faber & Faber , |c 2007 | ||
| 500 | |a A novel | ||
| 650 | 0 | |a Great Britain |x history |x 1714-1837 |x fiction | |
| 650 | 0 | |a Impostors & imposture |x fiction | |
| 650 | 0 | |a Physicians |z Great Britain |x Fiction | |
| 999 | |a 0001061930 |b Book |c Adult Collection |e Perbadanan Perpustakaan Awam Johor | ||